• 首页
  • 本馆介绍
  • 公告通知
  • 最新文献
  • 馆藏检索
  • 电子资源
  • 读者导购
  • 参考咨询
  • 我的图书馆
  • 登录
  • 详细信息显示
  • 放入我的书架
  • 预约/预借图书
  • 作者相关作品
  • 分类相关作品
  • 丛书相关作品
  • 出版社相关作品

书目信息

  • 表格格式
  • 工作单格式
  • 卡片格式
题名:
和青年谈谈社会主义道德
    
 
作者: 任白戈 编写
分册:  
出版信息: 成都   四川人民出版社  1981
页数: 112页
开本: 19cm
丛书名: 青年思想修养丛书
单 册:
中图分类: B825 , D432.62
科图分类:
主题词: 青年修养 , 道德修养--青年读物 , 青年运动 , 青年组织 , 学生运动 , 学生组织
电子资源:
ISBN:
000 00884nam2 2200337 45
001 0181002563
005 20040420164949.5
010    @dCNY0.27
091    @a3118.175
100    @a19950427d1981 em y0chiy0121 ea
101 0  @achi
102    @aCN@b510000
105    @ay z 000yy
106    @ar
200 10 @a和青年谈谈社会主义道德@Ahe qing nian tan tan she hui zhu yi dao de@f任白戈等编写
210    @a成都@c四川人民出版社@d1981
215    @a112页@d19cm
225 2  @a青年思想修养丛书
410  0 @120010@a青年思想修养丛书
606    @a青年修养
606    @a道德修养@x青年读物
606 0  @a青年运动
606 0  @a青年组织
606 0  @a学生运动
606 0  @a学生组织
690    @aB825@v3
690    @aD432.62
701  0 @a任白戈@Aren bai ge@4编写
801  0 @aCN@b上海图书馆@c20040420
801  2 @aCN@bNLC@c20040420
905    @f4@b173459-462@dD432.62@e105
    
    和青年谈谈社会主义道德/任白戈等编写.-成都:四川人民出版社,1981
    112页;19cm.-(青年思想修养丛书)
    
    
    ISBN :CNY0.27
    
●
相关链接 在E读中查询图书 在五车中查询图书 在当当中查询图书 在豆瓣中查询图书


正题名:和青年谈谈社会主义道德     索取号:D432.62/105         预约/预借

序号 登录号 条形码 馆藏地/架位号 状态 备注
1 0173459   000481446   密集书库/ [索取号:D432.62/105] 在馆    
2 0173460   000481428   密集书库/ [索取号:D432.62/105] 在馆    
3 0173461   000381330   密集书库/ [索取号:D432.62/105] 在馆    
4 0173462   000381198   密集书库/ [索取号:D432.62/105] 在馆    
5 0173463   000481437   第一样本阅览室/ [索取号:D432.62/105] 在馆    
唐山师范学院图书馆 欢迎您!
大连网信软件有限公司© 版权所有